| 000 | 00719cam a22002291 4500 | ||
|---|---|---|---|
| 001 | he 67001373 | ||
| 003 | DLC | ||
| 005 | 20260227111448.0 | ||
| 008 | 840829s1966 is 000 0 heb | ||
| 010 | _ahe 67001373 | ||
| 035 | _a(OCoLC)19188501 | ||
| 040 |
_aDLC _cMH _dAzU _dDLC |
||
| 042 | _apremarc | ||
| 050 | 0 | 0 |
_aBM506.B23 _bW4 |
| 100 | 1 |
_aWeiss, Abraham, _d1895-1970. |
|
| 245 | 1 | 0 |
_aDiyunim u-verurim be-Vava ḳama : _ble-ḥeḳer mishpaṭ ha-Talmud. |
| 260 |
_aJerusalem ; _aNew York : _bF. Feldhaym, _c727 [1966] |
||
| 300 | _axv, 396 p. | ||
| 500 | _aAdded t.p. in English: Studies in the law of the Talmud on damages. | ||
| 630 | 0 | 0 |
_aTalmud. _pBava kamma _xCommentaries. |
| 752 |
_aIsrael _dJerusalem |
||
| 999 |
_c32502 _d32502 |
||